[Event "Kecskemet Caissa IM 12"]
[Site "Kecskemet"]
[Date "2012.12.22"]
[Round "10"]
[White "Csala, Imre"]
[Black "Hou, Qiang"]
[Result "1/2-1/2"]
[WhiteElo "2189"]
[BlackElo "2345"]
[PlyCount "49"]
[EventDate "2012.12.14"]
[EventType "tourn"]
[EventRounds "10"]
[EventCountry "HUN"]
[EventCategory "1"]
[SourceTitle "EXT 2014"]
[Source "ChessBase"]
[SourceDate "2013.11.20"]
[SourceVersion "1"]
[SourceVersionDate "2013.11.20"]
[SourceQuality "1"]

1. d4 Nf6 2. Nf3 g6 3. c4 Bg7 4. Nc3 0-0 5. Bg5 d6 6. e4 Qe8 7. Be2 e5 8. dxe5 dxe5 9. Nd5 Nxd5 10. cxd5 c6 11. 0-0 cxd5 12. Qxd5 Nc6 13. Rac1 Be6 14. Qb5 Nd4 15. Nxd4 exd4 16. Qxb7 Rb8 17. Qxa7 Rxb2 18. Bc4 Bxc4 19. Rxc4 Qa8 20. Qxa8 Rxa8 21. a4 h6 22. Bf4 Ra2 23. Rd1 R2xa4 24. Rxa4 Rxa4 25. Kf1 1/2-1/2

[Event "Kecskemet Caissa IM 12"]
[Site "Kecskemet"]
[Date "2012.12.18"]
[Round "6"]
[White "Hou, Qiang"]
[Black "Kislik, Erik Andrew"]
[Result "1-0"]
[WhiteElo "2345"]
[BlackElo "2361"]
[PlyCount "61"]
[EventDate "2012.12.14"]
[EventType "tourn"]
[EventRounds "10"]
[EventCountry "HUN"]
[EventCategory "1"]
[SourceTitle "EXT 2014"]
[Source "ChessBase"]
[SourceDate "2013.11.20"]
[SourceVersion "1"]
[SourceVersionDate "2013.11.20"]
[SourceQuality "1"]

1. e4 e5 2. Nf3 Nc6 3. Bb5 a6 4. Ba4 Nf6 5. 0-0 Be7 6. Re1 b5 7. Bb3 0-0 8. c3 Na5 9. Bc2 d5 10. d4 exd4 11. e5 Ne4 12. cxd4 Bg4 13. Nc3 f5 14. exf6 Bxf6 15. Nxd5 Nxf2 16. Nxf6+ Qxf6 17. Kxf2 Bxf3 18. gxf3 Rad8 19. Re4 c5 20. Be3 Nc4 21. Bb3 Qc6 22. Kg1 cxd4 23. Bxd4 h5 24. Rc1 Rxf3 25. Bxc4+ bxc4 26. Qxf3 Rxd4 27. Rce1 Qg6+ 28. Kh1 Rd7 29. Rg1 Qd6 30. Re8+ Kh7 31. Qxh5+ 1-0

[Event "Kecskemet Caissa IM 12"]
[Site "Kecskemet"]
[Date "2012.12.14"]
[Round "1"]
[White "Kislik, Erik Andrew"]
[Black "Hou, Qiang"]
[Result "1/2-1/2"]
[WhiteElo "2361"]
[BlackElo "2345"]
[PlyCount "39"]
[EventDate "2012.12.14"]
[EventType "tourn"]
[EventRounds "10"]
[EventCountry "HUN"]
[EventCategory "1"]
[SourceTitle "EXT 2014"]
[Source "ChessBase"]
[SourceDate "2013.11.20"]
[SourceVersion "1"]
[SourceVersionDate "2013.11.20"]
[SourceQuality "1"]

1. e4 e5 2. Nf3 Nc6 3. Bb5 Nf6 4. 0-0 Nxe4 5. Re1 Nd6 6. Nxe5 Be7 7. Bf1 Nxe5 8. Rxe5 0-0 9. Nc3 Bf6 10. Re1 c6 11. d4 Nf5 12. d5 d6 13. Ne4 c5 14. Nxf6+ Qxf6 15. c3 Bd7 16. g3 Rae8 17. Bg2 Rxe1+ 18. Qxe1 Re8 19. Qd1 Bb5 20. Bd2 1/2-1/2

[Event "Budapest FS12 IM"]
[Site "Budapest"]
[Date "2012.12.04"]
[Round "3"]
[White "Hou, Qiang"]
[Black "Kantor, Gergely"]
[Result "1/2-1/2"]
[WhiteElo "2345"]
[BlackElo "2306"]
[PlyCount "48"]
[EventDate "2012.12.01"]
[EventType "tourn"]
[EventRounds "9"]
[EventCountry "HUN"]
[EventCategory "1"]
[SourceTitle "EXT 2014"]
[Source "ChessBase"]
[SourceDate "2013.11.20"]
[SourceVersion "1"]
[SourceVersionDate "2013.11.20"]
[SourceQuality "1"]

1. e4 e6 2. d4 d5 3. Nd2 Be7 4. Ngf3 Nf6 5. e5 Nfd7 6. Bd3 c5 7. c3 b6 8. Nf1 Ba6 9. Bxa6 Nxa6 10. Ng3 Qc7 11. 0-0 Nab8 12. h4 Nc6 13. Bg5 0-0 14. Qe2 h6 15. Be3 Rfc8 16. Nh5 Bf8 17. Rac1 Ne7 18. Ng3 Qb7 19. Nh2 cxd4 20. cxd4 Rxc1 21. Bxc1 Qc6 22. Qg4 Kh8 23. Qf3 Kg8 24. Qg4 Kh8 1/2-1/2

[Event "Budapest FS12 IM"]
[Site "Budapest"]
[Date "2012.12.03"]
[Round "2"]
[White "Szalanczy, Emil"]
[Black "Hou, Qiang"]
[Result "0-1"]
[WhiteElo "2259"]
[BlackElo "2345"]
[PlyCount "78"]
[EventDate "2012.12.01"]
[EventType "tourn"]
[EventRounds "9"]
[EventCountry "HUN"]
[EventCategory "1"]
[SourceTitle "EXT 2014"]
[Source "ChessBase"]
[SourceDate "2013.11.20"]
[SourceVersion "1"]
[SourceVersionDate "2013.11.20"]
[SourceQuality "1"]

1. c3 Nf6 2. c4 g6 3. g3 Bg7 4. Bg2 0-0 5. Nf3 d6 6. 0-0 Nc6 7. Nc3 e5 8. d3 h6 9. Rb1 a5 10. a3 Be6 11. b4 axb4 12. axb4 Qd7 13. b5 Ne7 14. Bb2 Bh3 15. Bh1 Bxf1 16. Qxf1 Nh5 17. Nd2 c6 18. Bf3 Nf6 19. h4 Nh7 20. Kh2 f5 21. e4 Nf6 22. Qh3 Qe8 23. exf5 Nxf5 24. Nce4 cxb5 25. g4 Nxe4 26. Nxe4 Nxh4 27. Bh1 Qe7 28. Bc1 g5 29. Rxb5 Ra1 30. Be3 Rd1 31. Rb3 Qd7 32. Nc3 Rxd3 33. Rxb7 Qc8 34. Ne4 Qxc4 35. Qf1 d5 36. Nd6 Qc2 37. Rb2 Qc3 38. Qb1 e4 39. Rc2 Qe5+ 0-1

[Event "Kecskemet Caissa IM 11"]
[Site "Kecskemet"]
[Date "2012.11.24"]
[Round "13"]
[White "Hou, Qiang"]
[Black "Aryan, Chopra"]
[Result "1/2-1/2"]
[WhiteElo "2339"]
[BlackElo "2051"]
[PlyCount "30"]
[EventDate "2012.11.17"]
[EventType "tourn"]
[EventRounds "14"]
[EventCountry "HUN"]
[EventCategory "2"]
[SourceTitle "EXT 2014"]
[Source "ChessBase"]
[SourceDate "2013.11.20"]
[SourceVersion "1"]
[SourceVersionDate "2013.11.20"]
[SourceQuality "1"]

1. e4 c5 2. Nf3 d6 3. Bb5+ Bd7 4. Bxd7+ Qxd7 5. c4 Nf6 6. Nc3 Nc6 7. 0-0 g6 8. d4 cxd4 9. Nxd4 Bg7 10. Nde2 0-0 11. f3 Rac8 12. Be3 Rfd8 13. Qd2 Qc7 14. Rac1 Qa5 15. Rfd1 a6 1/2-1/2

[Event "Kecskemet Caissa IM 11"]
[Site "Kecskemet"]
[Date "2012.11.21"]
[Round "8"]
[White "Hou, Qiang"]
[Black "Kojima, Shinya"]
[Result "1/2-1/2"]
[WhiteElo "2339"]
[BlackElo "2307"]
[PlyCount "44"]
[EventDate "2012.11.17"]
[EventType "tourn"]
[EventRounds "14"]
[EventCountry "HUN"]
[EventCategory "2"]
[SourceTitle "EXT 2014"]
[Source "ChessBase"]
[SourceDate "2013.11.20"]
[SourceVersion "1"]
[SourceVersionDate "2013.11.20"]
[SourceQuality "1"]

1. e4 c6 2. d4 d5 3. e5 c5 4. Nf3 Bg4 5. c4 cxd4 6. cxd5 Qxd5 7. Nc3 Bxf3 8. Nxd5 Bxd1 9. Nc7+ Kd7 10. Nxa8 Bc2 11. Bd2 Nc6 12. Rc1 d3 13. h4 e6 14. Rh3 Nge7 15. Bxd3 Bxd3 16. Rxd3+ Nd5 17. b4 b5 18. a4 bxa4 19. b5 Nxe5 20. Rc7+ Ke8 21. Rc8+ Kd7 22. Rc7+ Ke8 1/2-1/2

[Event "Kecskemet Caissa IM 11"]
[Site "Kecskemet"]
[Date "2012.11.18"]
[Round "3"]
[White "Hou, Qiang"]
[Black "Kislik, Erik Andrew"]
[Result "1-0"]
[WhiteElo "2339"]
[BlackElo "2413"]
[PlyCount "61"]
[EventDate "2012.11.17"]
[EventType "tourn"]
[EventRounds "14"]
[EventCountry "HUN"]
[EventCategory "2"]
[SourceTitle "EXT 2014"]
[Source "ChessBase"]
[SourceDate "2013.11.20"]
[SourceVersion "1"]
[SourceVersionDate "2013.11.20"]
[SourceQuality "1"]

1. e4 e6 2. d4 d5 3. Nd2 Nf6 4. e5 Nfd7 5. Bd3 c5 6. c3 Nc6 7. Ne2 cxd4 8. cxd4 f6 9. exf6 Nxf6 10. Nf3 Bd6 11. 0-0 0-0 12. Bf4 Bxf4 13. Nxf4 Ng4 14. Qd2 Qd6 15. g3 e5 16. dxe5 Qh6 17. h4 Ngxe5 18. Be2 Rd8 19. Rfe1 Nxf3+ 20. Bxf3 d4 21. Rad1 Bf5 22. Bd5+ Kh8 23. Be6 Rf8 24. Bxf5 Rxf5 25. Re6 Rf6 26. Rde1 Raf8 27. b4 a6 28. a4 Nd8 29. R6e4 Nf7 30. Qxd4 g5 31. Nd5 1-0

[Event "Budapest FS11 IM"]
[Site "Budapest"]
[Date "2012.11.09"]
[Round "6"]
[White "Hou, Qiang"]
[Black "Kislik, Erik Andrew"]
[Result "1-0"]
[WhiteElo "2289"]
[BlackElo "2413"]
[PlyCount "45"]
[EventDate "2012.11.03"]
[EventType "tourn"]
[EventRounds "11"]
[EventCountry "HUN"]
[EventCategory "2"]
[SourceTitle "EXT 2013"]
[Source "ChessBase"]
[SourceDate "2012.11.22"]
[SourceVersion "1"]
[SourceVersionDate "2012.11.22"]
[SourceQuality "1"]

1. e4 e5 2. Nf3 Nc6 3. Bc4 Bc5 4. b4 Bxb4 5. c3 Ba5 6. d4 exd4 7. Qb3 Qf6 8. 0-0 dxc3 9. Bg5 Qg6 10. Nxc3 Nf6 11. Nd5 Nxd5 12. exd5 Ne5 13. Rfe1 Bxe1 14. Rxe1 0-0 15. Rxe5 d6 16. Re1 Bg4 17. Be7 Bxf3 18. Qxf3 Rfe8 19. Bb5 Reb8 20. h4 f6 21. Qc3 a6 22. Bd7 Kh8 23. Qxc7 1-0

[Event "Budapest FS10 IM"]
[Site "Budapest"]
[Date "2012.10.16"]
[Round "10"]
[White "Hou, Qiang"]
[Black "Gajek, Radoslaw"]
[Result "0-1"]
[WhiteElo "2339"]
[BlackElo "2208"]
[PlyCount "136"]
[EventDate "2012.10.06"]
[EventType "tourn"]
[EventRounds "10"]
[EventCountry "HUN"]
[EventCategory "3"]
[SourceTitle "EXT 2013"]
[Source "ChessBase"]
[SourceDate "2012.11.22"]
[SourceVersion "1"]
[SourceVersionDate "2012.11.22"]
[SourceQuality "1"]

1. e4 c5 2. Nf3 d6 3. Bb5+ Bd7 4. Bxd7+ Qxd7 5. c4 Nc6 6. Nc3 g6 7. d4 cxd4 8. Nxd4 Bg7 9. Be3 Nf6 10. h3 0-0 11. 0-0 Rac8 12. Rc1 Nxd4 13. Qxd4 a6 14. Qd3 Rfe8 15. Rfd1 Qc6 16. b3 Nd7 17. f3 Be5 18. Nd5 e6 19. Nc3 Nc5 20. Qd2 Red8 21. Ne2 Qe8 22. b4 Na4 23. Bd4 b5 24. cxb5 axb5 25. Bxe5 dxe5 26. Rxc8 Rxc8 27. Qg5 Nb2 28. Rc1 Nd3 29. Rxc8 Qxc8 30. Qd2 Qc4 31. a3 Qb3 32. Nc3 Qc4 33. Kh2 Kg7 34. Ne2 f6 35. Qc3 Kf7 36. Qxc4 bxc4 37. Kg1 Ke7 38. Nc3 Kd6 39. Kf1 g5 40. g3 h5 41. h4 gxh4 42. gxh4 Kc6 43. Ke2 Nf4+ 44. Kf2 Nd3+ 45. Ke2 Nf4+ 46. Kf2 Nd3+ 47. Ke3 f5 48. Kd2 f4 49. Nb1 Kb5 50. Kc3 Ne1 51. Nd2 Ng2 52. Nxc4 Nxh4 53. Nxe5 Ng2 54. a4+ Kb6 55. b5 Ne3 56. Nd3 h4 57. Nxf4 Ka5 58. Kd4 Nc2+ 59. Kc5 e5 60. b6 exf4 61. b7 Nb4 62. e5 h3 63. e6 h2 64. e7 h1Q 65. e8Q Qg1+ 66. Kc4 Qc1+ 67. Kd4 Qd2+ 68. Kc4 Qd3+ 0-1

[Event "Budapest FS10 IM"]
[Site "Budapest"]
[Date "2012.10.15"]
[Round "9"]
[White "Szeberenyi, Adam"]
[Black "Hou, Qiang"]
[Result "1/2-1/2"]
[WhiteElo "2365"]
[BlackElo "2339"]
[PlyCount "179"]
[EventDate "2012.10.06"]
[EventType "tourn"]
[EventRounds "10"]
[EventCountry "HUN"]
[EventCategory "3"]
[SourceTitle "EXT 2013"]
[Source "ChessBase"]
[SourceDate "2012.11.22"]
[SourceVersion "1"]
[SourceVersionDate "2012.11.22"]
[SourceQuality "1"]

1. d4 Nf6 2. c4 g6 3. Nc3 Bg7 4. e4 d6 5. Be2 0-0 6. Bg5 Na6 7. Qd2 e5 8. d5 c6 9. f3 cxd5 10. cxd5 Bd7 11. g4 h6 12. Be3 h5 13. g5 Ne8 14. h4 Nc5 15. Nh3 Qa5 16. Nf2 Nb3 17. axb3 Qxa1+ 18. Nfd1 Qa5 19. Nb5 Qxd2+ 20. Kxd2 a6 21. Na3 b5 22. b4 f6 23. Nc3 fxg5 24. Bxg5 Bf6 25. Be3 Kh7 26. Nc2 Nc7 27. Ne1 Be8 28. Nd3 Bg7 29. f4 exf4 30. Nxf4 Bh6 31. Nh3 Bxe3+ 32. Kxe3 Bd7 33. Ng5+ Kh6 34. Bd3 Rae8 35. Rg1 Bg4 36. Rc1 Re7 37. Ra1 Bc8 38. Bc2 Ne8 39. Ne6 Rf6 40. Ne2 Bxe6 41. dxe6 Rfxe6 42. Nf4 Re5 43. Rxa6 g5 44. hxg5+ Kxg5 45. Nh3+ Kh6 46. Ng1 h4 47. Nf3 Rh5 48. Ra1 Nf6 49. Ra6 Re6 50. Nd4 Nd5+ 51. Kd2 Nxb4 52. Ra8 Ree5 53. Bd1 Rhg5 54. Rh8+ Kg6 55. Nf3 Rg2+ 56. Kc3 Na2+ 57. Kd4 Kg7 58. Ra8 h3 59. Nxe5 dxe5+ 60. Kxe5 h2 61. Ra7+ Kg6 62. Ra6+ Kg5 63. Ra8 Rf2 64. Rg8+ Kh4 65. Rh8+ Kg3 66. Rg8+ Kh3 67. Bb3 Nc1 68. Be6+ Kh4 69. Bf5 Nd3+ 70. Kf6 Nf4 71. Rg4+ Kh5 72. Rg7 Nd5+ 73. exd5 Rxf5+ 74. Kxf5 Kh6 75. Rg6+ Kh7 76. d6 h1Q 77. Re6 Kg7 78. Re7+ Kf8 79. Ke6 Qe4+ 80. Kd7 Qb7+ 81. Ke6 Qc8+ 82. Kd5 Qc4+ 83. Ke5 b4 84. Rc7 Qe2+ 85. Kd5 Qd3+ 86. Kc6 Qc4+ 87. Kb6 Qd5 88. Rc8+ Kf7 89. d7 Qd6+ 90. Kb7 1/2-1/2

[Event "Budapest FS10 IM"]
[Site "Budapest"]
[Date "2012.10.13"]
[Round "7"]
[White "Nguyen, Huynh Minh Huy"]
[Black "Hou, Qiang"]
[Result "1-0"]
[WhiteElo "2438"]
[BlackElo "2339"]
[PlyCount "107"]
[EventDate "2012.10.06"]
[EventType "tourn"]
[EventRounds "10"]
[EventCountry "HUN"]
[EventCategory "3"]
[SourceTitle "EXT 2013"]
[Source "ChessBase"]
[SourceDate "2012.11.22"]
[SourceVersion "1"]
[SourceVersionDate "2012.11.22"]
[SourceQuality "1"]

1. d4 Nf6 2. c4 g6 3. Nc3 Bg7 4. e4 d6 5. h3 0-0 6. Nf3 e5 7. d5 a5 8. g4 Na6 9. Be3 Nd7 10. Rg1 Kh8 11. Bd3 Ndc5 12. Bc2 f5 13. a3 Bd7 14. gxf5 gxf5 15. Ng5 h6 16. exf5 Bxf5 17. Bxf5 Rxf5 18. Nge4 Qf8 19. Ng3 Rf7 20. Qc2 e4 21. Ngxe4 Re8 22. 0-0-0 Nxe4 23. Nxe4 Nc5 24. Rxg7 Rxg7 25. Nxc5 Rxe3 26. fxe3 dxc5 27. Qc3 Qf2 28. Kb1 Kg8 29. Ka2 a4 30. d6 cxd6 31. Rxd6 Qh4 32. Qd3 Rf7 33. Qd5 Kg7 34. Qe5+ Kg8 35. Qe6 Kf8 36. Qxh6+ Qxh6 37. Rxh6 Re7 38. Rb6 Rxe3 39. Rxb7 Re4 40. b3 Re2+ 41. Kb1 Re3 42. h4 axb3 43. Kb2 Rh3 44. a4 Rh2+ 45. Kxb3 Rh3+ 46. Ka2 Rh2+ 47. Ka3 Rh3+ 48. Rb3 Rxh4 49. a5 Rh1 50. Ka4 Ke7 51. a6 Ra1+ 52. Ra3 Rh1 53. a7 Rh8 54. Kb5 1-0

[Event "Kecskemet Caissa IM 11"]
[Site "Kecskemet"]
[Date "2011.11.25"]
[Round "8"]
[White "Kovacs, Klara"]
[Black "Hou, Qiang"]
[Result "1/2-1/2"]
[WhiteElo "2127"]
[BlackElo "2322"]
[PlyCount "97"]
[EventDate "2011.11.19"]
[EventType "tourn"]
[EventRounds "10"]
[EventCountry "HUN"]
[EventCategory "1"]
[SourceTitle "CBM 145 Extra"]
[Source "ChessBase"]
[SourceDate "2012.01.03"]
[SourceVersion "1"]
[SourceVersionDate "2012.01.03"]
[SourceQuality "1"]

1. e4 e5 2. Nf3 Nc6 3. Bc4 Bc5 4. 0-0 Nf6 5. d4 Bxd4 6. Nxd4 Nxd4 7. f4 d6 8. fxe5 dxe5 9. Bg5 Be6 10. Na3 Qe7 11. c3 Bxc4 12. Nxc4 Ne6 13. Bxf6 gxf6 14. Ne3 Qc5 15. Qd2 Rd8 16. Qf2 Kd7 17. b4 Qb6 18. Rad1+ Kc8 19. Nd5 Qxf2+ 20. Kxf2 c6 21. Nxf6 h5 22. h4 Ng7 23. Ke3 Rxd1 24. Rxd1 Rh6 25. Ng8 Rh8 26. Ne7+ Kc7 27. Rf1 Ne8 28. Rxf7 Nd6 29. Rg7 Kb6 30. Rg6 Nc4+ 31. Kd3 Nb2+ 32. Kc2 Nc4 33. a4 a6 34. Ng8 Rh7 35. Nf6 Rf7 36. Kb3 Nd2+ 37. Ka2 a5 38. g4 hxg4 39. h5 g3 40. h6 g2 41. h7 Rxf6 42. h8Q Rxg6 43. Qd8+ Ka7 44. Qxa5+ Kb8 45. Qxe5+ Ka7 46. Qa5+ Kb8 47. Qd8+ Ka7 48. Qa5+ Kb8 49. Qd8+ 1/2-1/2

[Event "Budapest FS11 IM"]
[Site "Budapest"]
[Date "2011.11.12"]
[Round "8"]
[White "Meurs, Tom WA"]
[Black "Hou, Qiang"]
[Result "0-1"]
[WhiteElo "2247"]
[BlackElo "2322"]
[PlyCount "94"]
[EventDate "2011.11.05"]
[EventType "tourn"]
[EventRounds "13"]
[EventCountry "HUN"]
[EventCategory "2"]
[SourceTitle "EXT 2012"]
[Source "ChessBase"]
[SourceDate "2011.11.24"]
[SourceVersion "1"]
[SourceVersionDate "2011.11.24"]
[SourceQuality "1"]

1. e4 e5 2. Nf3 Nc6 3. Bb5 a6 4. Ba4 Nf6 5. 0-0 Be7 6. Re1 b5 7. Bb3 d6 8. c3 0-0 9. h3 Nb8 10. d4 Nbd7 11. Nbd2 Bb7 12. Bc2 Re8 13. Nf1 Bf8 14. Ng3 g6 15. b3 c6 16. Bb2 Qc7 17. a4 Bg7 18. Qd2 Rad8 19. Rad1 Nf8 20. c4 bxc4 21. bxc4 exd4 22. Bxd4 Ne6 23. Bc3 Rd7 24. Ba5 Qc8 25. Bb6 c5 26. a5 Bc6 27. Qc1 Qa8 28. Rd5 Nf8 29. Red1 Bxd5 30. exd5 Rde7 31. Ba4 Rc8 32. Qf4 Qb8 33. Rb1 N8d7 34. Bc6 Ne8 35. Qh4 Nef6 36. Nd2 Rce8 37. Nf3 Ne4 38. Re1 Bf6 39. Qg4 Nxg3 40. Rxe7 Rxe7 41. Qxg3 Ne5 42. Nd2 Bg7 43. Qh4 Qf8 44. Ne4 f6 45. Qf4 f5 46. Ng5 h6 47. Ne6 Rxe6 0-1

[Event "Kecskemet Caissa IM 10"]
[Site "Kecskemet"]
[Date "2011.10.22"]
[Round "9"]
[White "Hou, Qiang"]
[Black "Farkas, Tibor"]
[Result "1-0"]
[WhiteElo "2320"]
[BlackElo "2255"]
[PlyCount "61"]
[EventDate "2011.10.15"]
[EventType "tourn"]
[EventRounds "10"]
[EventCountry "HUN"]
[SourceTitle "EXT 2013"]
[Source "ChessBase"]
[SourceDate "2012.11.22"]
[SourceVersion "1"]
[SourceVersionDate "2012.11.22"]
[SourceQuality "1"]

1. e4 c5 2. Nf3 d6 3. d4 cxd4 4. Nxd4 Nf6 5. Nc3 a6 6. Bg5 e6 7. f4 Be7 8. Qf3 Qc7 9. 0-0-0 Nbd7 10. g4 b5 11. Bxf6 Nxf6 12. g5 Nd7 13. f5 Bxg5+ 14. Kb1 Ne5 15. Qh5 Qd8 16. Nxe6 Bxe6 17. fxe6 0-0 18. h4 Bf6 19. exf7+ Rxf7 20. Bh3 Rf8 21. Nd5 Kh8 22. Nf4 g6 23. Qe2 Rf7 24. h5 g5 25. Ng6+ Kg7 26. h6+ Kg8 27. Nxe5 Bxe5 28. Be6 Qe7 29. Qg4 Raf8 30. Rhf1 Kh8 31. Bxf7 1-0

[Event "Kecskemet Caissa IM 10"]
[Site "Kecskemet"]
[Date "2011.10.21"]
[Round "8"]
[White "Hou, Qiang"]
[Black "Meszaros, Gyula"]
[Result "1-0"]
[WhiteElo "2320"]
[BlackElo "2360"]
[PlyCount "61"]
[EventDate "2011.10.15"]
[EventType "tourn"]
[EventRounds "10"]
[EventCountry "HUN"]
[SourceTitle "EXT 2013"]
[Source "ChessBase"]
[SourceDate "2012.11.22"]
[SourceVersion "1"]
[SourceVersionDate "2012.11.22"]
[SourceQuality "1"]

1. e4 e6 2. d4 d5 3. Nd2 Nf6 4. e5 Nfd7 5. Bd3 c5 6. c3 Nc6 7. Ngf3 Qb6 8. 0-0 Be7 9. dxc5 Nxc5 10. Bc2 0-0 11. Nb3 Nxb3 12. axb3 Bd7 13. Re1 a6 14. Qd3 g6 15. Bh6 Rfe8 16. Ng5 Qd8 17. Qg3 Rc8 18. Rad1 b5 19. Qf4 f5 20. exf6 Bxf6 21. Qg3 Re7 22. Nxh7 Rxh7 23. Qxg6+ Rg7 24. Bxg7 Bxg7 25. Qh7+ Kf8 26. Rd3 Ne7 27. Rg3 Bf6 28. Ree3 Qa5 29. Ref3 Qa1+ 30. Bb1 Nf5 31. Rg8# 1-0

[Event "Budapest FS10 IM-A"]
[Site "Budapest"]
[Date "2011.10.07"]
[Round "7"]
[White "Kantor, Gergely"]
[Black "Hou, Qiang"]
[Result "1-0"]
[WhiteElo "2268"]
[BlackElo "2320"]
[PlyCount "57"]
[EventDate "2011.10.01"]
[EventType "tourn"]
[EventRounds "9"]
[EventCountry "HUN"]
[EventCategory "1"]
[SourceTitle "CBM 144 Extra"]
[Source "ChessBase"]
[SourceDate "2011.10.28"]
[SourceVersion "1"]
[SourceVersionDate "2011.10.28"]
[SourceQuality "1"]

1. d4 Nf6 2. c4 g6 3. Nc3 Bg7 4. e4 d6 5. Nf3 0-0 6. h3 e5 7. d5 a5 8. Bg5 Na6 9. Be2 Nc5 10. Nd2 c6 11. g4 Bd7 12. h4 Qc8 13. f3 h6 14. Be3 Nh7 15. h5 Ng5 16. Nb3 Nxb3 17. axb3 f5 18. dxc6 bxc6 19. gxf5 gxf5 20. Bxg5 hxg5 21. h6 Bf6 22. h7+ Kh8 23. Qxd6 f4 24. 0-0-0 Rf7 25. Rh6 Bg7 26. Rg6 Rb8 27. c5 Be8 28. Rh1 Bd7 29. Bc4 1-0

[Event "Budapest FS10 IM-A"]
[Site "Budapest"]
[Date "2011.10.05"]
[Round "5"]
[White "Hou, Qiang"]
[Black "Brustkern, Juergen"]
[Result "1/2-1/2"]
[WhiteElo "2320"]
[BlackElo "2249"]
[PlyCount "86"]
[EventDate "2011.10.01"]
[EventType "tourn"]
[EventRounds "9"]
[EventCountry "HUN"]
[EventCategory "1"]
[SourceTitle "CBM 144 Extra"]
[Source "ChessBase"]
[SourceDate "2011.10.28"]
[SourceVersion "1"]
[SourceVersionDate "2011.10.28"]
[SourceQuality "1"]

1. e4 g6 2. d4 Bg7 3. Nf3 d6 4. Nc3 a6 5. a4 b6 6. Bc4 e6 7. 0-0 Ne7 8. Bg5 h6 9. Be3 Bb7 10. Qd2 Nd7 11. Rfe1 Nf6 12. Bd3 d5 13. e5 Ne4 14. Qe2 c5 15. dxc5 Nxc5 16. a5 Nxd3 17. Qxd3 b5 18. Bb6 Qc8 19. Rad1 0-0 20. Nd4 Qc4 21. Qxc4 bxc4 22. Na4 Bc6 23. Nc5 Rfc8 24. b3 Bf8 25. g4 g5 26. Re3 Ng6 27. bxc4 Bxc5 28. Bxc5 Ba4 29. Bd6 Rxc4 30. Rd2 Rac8 31. f3 Bxc2 32. Kf2 Nf4 33. Kg3 Ba4 34. h4 Rc1 35. hxg5 hxg5 36. Ne2 Nxe2+ 37. Rexe2 Bb5 38. Rg2 R8c3 39. Be7 Re1 40. Bxg5 Rf1 41. Rdf2 Rxf2 42. Rxf2 Bd3 43. Bf6 Rc2 1/2-1/2

[Event "Budapest FS10 IM-A"]
[Site "Budapest"]
[Date "2011.10.03"]
[Round "3"]
[White "Hou, Qiang"]
[Black "Farago, Sandor"]
[Result "1/2-1/2"]
[WhiteElo "2320"]
[BlackElo "2278"]
[PlyCount "146"]
[EventDate "2011.10.01"]
[EventType "tourn"]
[EventRounds "9"]
[EventCountry "HUN"]
[EventCategory "1"]
[SourceTitle "CBM 144 Extra"]
[Source "ChessBase"]
[SourceDate "2011.10.28"]
[SourceVersion "1"]
[SourceVersionDate "2011.10.28"]
[SourceQuality "1"]

1. e4 c5 2. Nf3 e6 3. d4 cxd4 4. Nxd4 a6 5. Bd3 Bc5 6. Nb3 Ba7 7. 0-0 Nc6 8. Qe2 Nge7 9. Nc3 d6 10. Be3 Bxe3 11. Qxe3 0-0 12. a4 b6 13. Rad1 Qc7 14. f4 Nb4 15. Nd4 e5 16. Nf3 exf4 17. Qxf4 Qc5+ 18. Kh1 Ng6 19. Qg3 Be6 20. Ng5 Rae8 21. Nd5 Bxd5 22. exd5 Nxd3 23. Qxd3 Re3 24. Qd2 a5 25. Qf2 Re5 26. Nf3 Re4 27. b3 h6 28. Qxc5 bxc5 29. Nd2 Re2 30. Nc4 Rxc2 31. Nxd6 Ne5 32. h3 Rc3 33. Ne4 Rxb3 34. Nxc5 Rc3 35. Nb7 Rb8 36. Rb1 Nc4 37. Rb5 Ne3 38. Rfb1 Rd3 39. d6 Nc4 40. Rc1 Rd4 41. Kh2 Na3 42. Rb3 Rxd6 43. Nxa5 Rxb3 44. Nxb3 Ra6 45. a5 Nb5 46. Kg3 Nd6 47. Rc7 Kf8 48. Kf4 Ke8 49. Ke5 Kd8 50. Rc5 Nb7 51. Rb5 Re6+ 52. Kd5 Rd6+ 53. Kc4 Kc7 54. Re5 Rc6+ 55. Kb4 Rf6 56. g3 g6 57. Nd4 Kd7 58. Re3 Ra6 59. Rd3 Kc7 60. Rc3+ Kd7 61. Nb3 Re6 62. Nc5+ Nxc5 63. Rxc5 h5 64. Rc3 Ra6 65. Kb5 Ra8 66. Kb6 Rb8+ 67. Ka7 Rb4 68. a6 Rb2 69. h4 Rb4 70. Rf3 f5 71. Re3 Rb2 72. Rd3+ Kc7 73. Re3 Kd7 1/2-1/2